000 005600000a22001810004500
082 _aCD1296
530 _aCD
100 _aReinhard, Martin
100 _aDrefahl, Axel
245 _aToolkit for estimating physicochemical properties of organic compounds; uncluding the registry of physicochemical data with data on over 24,000 compounds
260 _a
_bWiley Interscience
260 _c1999
041 _aEng
650 _aChemistry
650 _aOrganic chemistry
650 _aSoftware developed by Baricic, Peter and Mackov, Martin
942 _cGEN
999 _c41927
_d41927